00374 2200145 4500001002100000008004100021035002000062245002400082100001800106260002600124300001400150082001100164650004000175990001300215INLIS000000000000302 ind  a0010-0423000302 aPAK BEYE DAN ISTANA aWISNU NUGROHO aJAKARTAbKOMPASc2010 ahlm.ccm. a920598 aBIOGRAFI - INDONESIAM (ORANG-ORANG) a102726-1